Case Study of Coal Based Supercritical Technology for Power Generation At Jamshoro Thermal Power Station (Record no. 58528)

MARC details
000 -LEADER
fixed length control field 00451nam a2200157Ia 4500
100 ## - MAIN ENTRY--AUTHOR NAME
Personal name 12ME07
100 ## - MAIN ENTRY--AUTHOR NAME
Personal name Haris Qureshi
245 #0 - TITLE STATEMENT
Title Case Study of Coal Based Supercritical Technology for Power Generation At Jamshoro Thermal Power Station
260 ## - PUBLICATION, DISTRIBUTION, ETC. (IMPRINT)
Place of publication Nawabshah
260 ## - PUBLICATION, DISTRIBUTION, ETC. (IMPRINT)
Name of publisher QUEST
260 ## - PUBLICATION, DISTRIBUTION, ETC. (IMPRINT)
Year of publication 2012
300 ## - PHYSICAL DESCRIPTION
Number of Pages 57
700 ## - ADDED ENTRY--PERSONAL NAME
Personal name Department of Mechanical Engineering
Holdings
Withdrawn status Lost status Home library Current library Date acquired Accession Number Koha item type
    Central Library, QUEST, Nawabshah Research Section 24/04/2018 MEP/26-336 Thesis and Dissertation